01776naa a2200241 a 450000100080000000500110000800800410001910000160006024500980007626000090017452010790018365300230126265300260128565300210131165300120133265300220134470000180136670000230138470000170140770000170142470000190144177300740146011203492014-03-12 2013 bl uuuu u00u1 u #d1 aVOGT, G. A. aDiagn??stico da conserva????o on farm de cultivares locais de feij??o.h[electronic resource] c2013 aO objetivo deste trabalho foi conhecer a situa????o atual da conserva????o de cultivares locais de feij??o (Phaseolus vulgaris L.) nos munic??pios catarinenses de Major Vieira e Irine??polis no espa??o temporal de seis anos e, a partir deste diagn??stico, fazer uma an??lise das amea??as e das perspectivas da conserva????o dessas cultivares. Foram aplicados question??rios semiestruturados em 16 estabelecimentos, oito em cada um dos munic??pios estudados, nos quais, em 2007, j?? haviam sido realizadas entrevistas e coleta de informa????es sobre cultivares locais de feij??o. Em 2013, quando do regresso dos pesquisadores ??s unidades de produ????o dos mesmos agricultores entrevistados em 2007, foram identificadas apenas 13 das 27 cultivares locais de feij??o. Isso revela a din??mica de substitui????o de cultivares locais e a grande eros??o gen??tica, sendo premente a necessidade de a????es de conserva????o on farm e ex situ para a efetiva conserva????o da diversidade de cultivares locais de feij??o e a manuten????o do conhecimento local associado ao seu cultivo. aAgrobiodiversidade aConserva????o ex situ aCultivar crioula aFeij??o aRecurso gen??tico1 aBACKES, R. L.1 aGALLOTTI, G. J. M.1 aSOUZA, A. M.1 aSAGAZ, D. P.1 aMEISTER, L. A. tCadernos de Agroecologia, Porto Alegre, RSgv. 8, n. 2, p. 1-5, 2013.